000 00970nmm a2200301 a 4500
001 ocm0002016322
003 TR-IsHL
005 20201028180156.0
008 181205s2016 tu tur
007 cr cn
020 _a9789944159838
035 _a2016322
_b(N$T)
050 0 4 _aPL248.T36
_bA8 2016
090 0 4 _aPL248.T36
_bA8 2016
100 1 _aTanrısever Sevgi
245 1 0 _aAtatürk bana dedi ki
_h[electronic resource] /
_cTanrısever Sevgi ; editör Veysel Diner
250 _a3. Baskı
260 _aİstanbul :
_bBizim Kitaplar,
_c2016
300 _a79 p.
650 4 _aDil ve Edebiyat
650 4 _aLanguage and Literature
650 0 _aAtatürk, Mustafa Kemal, 1881-1938.
650 0 _aÇocuk hikayeleri, Türk
650 0 _aChildren story, Turkish
650 7 _aJUVENILE FICTION / General
_2bisacsh
700 1 _aDiner, Veysel
856 4 0 _uhttp://search.ebscohost.com/login.aspx?direct=true&scope=site&db=e011xww&AN=2016322
999 _c19016
_d19016